| 000 | 00710nam a2200169 a 4500 | ||
|---|---|---|---|
| 008 | 090112s1984 ||||||||||||||||| || u | ||
| 050 | _aGOV.ZAM(08)PDSS/16 | ||
| 110 | _aGovernment of the Republic of Zambia (GRZ) | ||
| 245 | 1 | 4 | _aThe budget development process and budgeting instructions |
| 260 |
_aLusaka _bMinistry of Agriculture and water Development _c1984 |
||
| 300 | _a43p. | ||
| 350 | _a0.00 | ||
| 490 | _aPlanning Division special study | ||
| 650 | _aBUDGET PLANNING--ZAMBIA | ||
| 710 | _aMinistry of Agriculture and Water Development | ||
| 995 |
_D0.00 _FCBU-MAIN LIBRARY (Kitwe) _H1 _I0.00 _M1 _UAVAILABLE _WJan 12, 2009 _ZZambiana Collection |
||
| 999 |
_c36203 _d36203 |
||